000 00958nam a2200289 a 4500
001 000024911
005 20260313093410.0
008 110207s1979 mx r 000 0 spa d
020 _a9682303788
040 _aDO-SdBNP
_bspa
_cBNPHU
082 _a325.3
_bM392s, 1979
100 1 _aMarx, Karl,
_d1818-1883
_930439
245 1 0 _aSobre el colonialismo /
_cKarl Marx, Friedrich Engels.
250 _a2a ed. corr. aum.
260 _aMéxico, D. F. :
_bEdiciones Presente y Pasado,
_c1979.
300 _a279, [1] p. ;
_c21 cm.
490 1 _aCuadernos de pasado y presente
_v37
504 _aIncluye referencias bibliográficas
500 _aIncluye notas al pie de las páginas
650 4 _aColonialismo
_951147
650 4 _aNeocolonialismo
_951148
650 4 _aMilitarismo
_945782
650 0 _aCiencias políticas
_92426
700 1 _aEngels, Friedrich,
_d1820-1895
_960306
830 0 _aCuadernos de pasado y presente ;
_v37
_948544
049 _aBNGR
999 _c24404
_d24404